Разработка автомобильных смазочных материалов, консервационных продуктов и нефтяных пластификаторов: [сборник трудов]

Dades bibliogràfiques
Autor corporatiu: Московский институт нефтехимической и газовой промышленности им. И. М. Губкина (МИНХиГП) Кафедра химии и технологии смазочных материалов и химмотологии
Altres autors: Гуреев А. А. (редактор)
Idioma:rus
Publicat: Москва, Изд-во МИНХиГП, 1979
Col·lecció:Труды Московского института нефтехимической и газовой промышленности (МИНХ и ГП) Вып. 148
Matèries:
Format: MixedMaterials Llibre
KOHA link:https://koha.lib.tpu.ru/cgi-bin/koha/opac-detail.pl?biblionumber=327219

MARC

LEADER 00000nam0a2200000 4500
001 327219
005 20231102003935.0
020 |a RU  |b 80-60951ж 
035 |a (RuTPU)RU\TPU\book\352879 
035 |a RU\TPU\book\352876 
090 |a 327219 
100 |a 20170126d1979 k y0rusy5003 ca 
101 0 |a rus 
102 |a RU 
105 |a a z 001zy 
200 1 |a Разработка автомобильных смазочных материалов, консервационных продуктов и нефтяных пластификаторов  |e [сборник трудов]  |f Московский институт нефтехимической и газовой промышленности им. И. М. Губкина (МИНХиГП), Кафедра химии и технологии смазочных материалов и химмотологии ; отв. ред. А. А. Гуреев 
210 |a Москва  |c Изд-во МИНХиГП  |d 1979 
215 |a 143 с.  |c ил.  |d 22 см. 
225 1 |a Труды Московского института нефтехимической и газовой промышленности (МИНХ и ГП)  |v Вып. 148 
320 |a Библиогр. в тексте 
606 1 |a Смазочные материалы  |x Производство  |x Технический контроль  |2 stltpush  |3 (RuTPU)RU\TPU\subj\34034  |9 56099 
610 1 |a масла 
610 1 |a жидкости 
610 1 |a реологические свойства 
610 1 |a трансмиссионные масла 
610 1 |a пластичные смазки 
610 1 |a защитные свойства 
610 1 |a окисляемость 
610 1 |a зубчатые передачи 
610 1 |a депрессаторы 
610 1 |a консервация 
610 1 |a ингибиторы 
610 1 |a нефтяные пластификаторы 
610 1 |a химический состав 
610 1 |a твердые углеводороды 
610 1 |a добавки 
610 1 |a парафин 
610 1 |a церезины 
675 |a 665.637.6  |z rus  |v 3 
702 1 |a Гуреев  |b А. А.  |4 340 
712 0 2 |a Московский институт нефтехимической и газовой промышленности им. И. М. Губкина (МИНХиГП)  |b Кафедра химии и технологии смазочных материалов и химмотологии  |c (1958-1991)  |2 stltpush  |3 (RuTPU)RU\TPU\col\5781 
801 0 |a RU  |b 63413507  |c 19950704  |g psbo 
801 1 |a RU  |b 63413507  |c 20170126 
801 2 |a RU  |b 63413507  |c 20170127  |g RCR 
942 |c BK